Northeast Africa Map Quiz - Statistics

General Stats
  • This quiz has been taken 736 times
  • The average score is 9 of 10
Answers on the Map
Answers color-coded by a green-red scale on the quiz's map according to % correct below.
 
Answer Stats
Answer % Correct
Egypt
92%
Somalia
91%
South Sudan
90%
Sudan
89%
Djibouti
88%
Chad
87%
Ethiopia
87%
Kenya
86%
Eritrea
85%
Libya
84%
No matching quizzes found
Score Distribution
Percent of People with Each Score
Percentile by Number Answered
Your Score History
You have not taken this quiz